00816nam a2200205 i 4500001000300000245015000003260003900153300007500192504001400267650001400281650003500295700002100330710007000351020001500421040000800436041000800444080001900452008004100471856009800512bg00aBiopaliwa /cPiotr Gradziuk [et al.] ; pod red. Piotra Gradziuka ; Akademia Rolnicza w Lublinie - Instytut Nauk Rolniczych w Zamościu [et al.]. aWarszawa :b"Wieś Jutra",c2003. a160 s., [4] s. tab. :bfot.(w tym kolor.), mapy, rys., wykr. ;c24 cm. aBibliogr. 9aBiopaliwa 9aOdnawialne źródła energii1 aGRADZIUK, Piotr. 0aAkademia Rolnicza (Lublin)bInstytut Nauk Rolniczych (Zamość) a8388368109 cBPK0 apol a620.9:662.6/.7 s pl f |000 0 pol  uhttp://koha.tu.koszalin.pl/cgi-bin/koha/opac-detail.pl?biblionumber=51730yKatalog online BPK